| 000 | 00371nam a22001457a 4500 | ||
|---|---|---|---|
| 005 | 20250609130508.0 | ||
| 008 | 250609b |||||||| |||| 00| 0 eng d | ||
| 020 | _a0801005485 | ||
| 050 |
_aBT1102 _b.B32 BAX |
||
| 100 | _aBAXTER, BARRETTBATSELL | ||
| 245 | _aI BELIEVE BECAUSE ... | ||
| 260 |
_aMICHIGAN _bBARKER BOOK HOUSE _cc1971 |
||
| 300 | _a284p | ||
| 942 |
_2lcc _cBK _n0 |
||
| 999 |
_c6349 _d6349 |
||